| 000 | 00744cab a2200217 4500 | ||
|---|---|---|---|
| 001 | WB3228-48 | ||
| 008 | 090401t1996 xxu||||| |||| 00| 0 eng d | ||
| 035 | _a(Sirsi) u56587 | ||
| 041 | _aeng | ||
| 245 | _aPressure will build for CAP reform | ||
| 260 | _c1996 | ||
| 350 | _a0 | ||
| 490 |
_aMAFF News Release _v(244/96) 10 July 1996, (2) |
||
| 520 | _aOverseas reforms and the forthcoming World Trade Organisation negotiations mean that CAP will need to be reformed if Europe is to compete, says Agriculture Minister. | ||
| 650 | _aCOMMON AGRICULTURAL POLICY | ||
| 650 | _aFEDERAL AGRICULTURAL IMPROVEMENT AND REFORM ACT 1996 | ||
| 650 | _aWORLD TRADE ORGANISATION | ||
| 690 | _aRURAL PRACTICE | ||
| 942 | _n0 | ||
| 948 | _c04/03/1997 | ||
| 999 |
_c34524 _d34524 |
||